Don y doña

Saved in:
Bibliografiske detaljer
Hovedforfatter: Urzua A., Waldo (Author)
Format: Bog
Sprog:spansk
Udgivet: Santiago Nascimento 1952
Fag:
Tags: Tilføj Tag
Ingen Tags, Vær først til at tagge denne postø!

MARC

LEADER 00000nam a2200000 a 4500
001 UCU0336
003 CL-VaPUC
008 960322e19520000CL |||||||||||||||||spa|d
082 0 4 |a Ch863  |b URZ  |2 21 
100 0 |a Urzua A., Waldo  |e author  |9 355387 
245 1 0 |a Don y doña 
300 |a 226 p 
942 |c BK 
945 |d 19960322 00:00:00  |a rleighto 
260 |a Santiago  |b Nascimento  |c 1952 
650 0 |a Novelas chilenas   |9 265425 
583 |a last modification  |c 19960322 00:00:00  |k Rodrigo Vera 
999 |c 245197  |d 245195 
952 |0 0  |1 0  |4 0  |6 CH_863_000000000000000_URZ_1952  |7 0  |8 A  |9 259641  |a BIBEDU  |b BIBEDU  |d 2019-11-19  |i 3184684  |o Ch863 URZ 1952  |p 3184684  |r 2019-11-19  |w 2019-11-19  |y BK  |k LIT